[Event "CZE-chT2C 1112"]
[Site "Czech Republic"]
[Date "2012.01.22"]
[Round "6.5"]
[White "Balaz, Rene"]
[Black "Kopta, Pavel"]
[Result "1/2-1/2"]
[WhiteElo "2113"]
[BlackElo "2299"]
[PlyCount "70"]
[EventDate "2011.10.09"]
[EventType "team-tourn"]
[EventRounds "11"]
[EventCountry "CZE"]
[SourceTitle "EXT 2013"]
[Source "ChessBase"]
[SourceDate "2012.11.22"]
[SourceVersion "1"]
[SourceVersionDate "2012.11.22"]
[SourceQuality "1"]
[WhiteTeam "Horice"]
[BlackTeam "Kobylisy"]
[WhiteTeamCountry "CZE"]
[BlackTeamCountry "CZE"]

1. e4 c5 2. Nf3 d6 3. d4 cxd4 4. Nxd4 Nf6 5. Nc3 g6 6. Be3 Bg7 7. f3 0-0 8. Qd2 Nc6 9. Bc4 Nd7 10. h4 Nde5 11. Be2 Nxd4 12. Bxd4 Qa5 13. Nd5 Qxd2+ 14. Kxd2 Nxf3+ 15. Bxf3 Bxd4 16. Nxe7+ Kg7 17. c3 Be5 18. Nxc8 Raxc8 19. h5 h6 20. Raf1 Bf4+ 21. Kd3 Rc5 22. Bd1 g5 23. Bb3 f5 24. exf5 Rcxf5 25. g4 Re5 26. Re1 Rfe8 27. Rxe5 Rxe5 28. Bd1 Kf6 29. Rf1 Rd5+ 30. Kc4 Rd2 31. Kb3 d5 32. Bf3 Rd3 33. Kc2 Rd2+ 34. Kb3 Ke6 35. Rd1 Rxd1 1/2-1/2

[Event "LSS No Engine Cup Gr01 prel 05 email"]
[Site "LSS email"]
[Date "2009.06.29"]
[Round "?"]
[White "De Paus, Pieter"]
[Black "Balaz, Rene"]
[Result "1/2-1/2"]
[WhiteElo "1603"]
[BlackElo "2079"]
[PlyCount "66"]
[EventDate "2009.06.30"]
[EventType "tourn (corr)"]
[EventRounds "6"]
[EventCountry "GER"]
[SourceTitle "Telechess CBM 135"]
[Source "ChessBase"]
[SourceDate "2010.03.17"]
[SourceVersion "1"]
[SourceVersionDate "2010.03.17"]
[SourceQuality "1"]

1. d4 d5 2. c4 c6 3. Nf3 Nf6 4. Nc3 dxc4 5. a4 Bf5 6. Ne5 Nbd7 7. Nxc4 Nb6 8. e3 e6 9. Nxb6 Qxb6 10. a5 Qc7 11. Bd3 Bxd3 12. Qxd3 Bb4 13. a6 b6 14. 0-0 Rd8 15. Bd2 0-0 16. Nb5 cxb5 17. Bxb4 Rfe8 18. Qxb5 Rc8 19. Bc3 Nd5 20. Rfc1 Qb8 21. Bd2 Rxc1+ 22. Rxc1 Rc8 23. e4 Rxc1+ 24. Bxc1 Qc8 25. Bd2 Nf6 26. f3 Qc2 27. Be3 h6 28. h3 Kh7 29. Kh1 g5 30. h4 Qd1+ 31. Bg1 Qe1 32. hxg5 Qh4+ 33. Bh2 Qe1+ 1/2-1/2

[Event "LSS CP-2007-Q-00007"]
[Site "LSS email"]
[Date "2009.01.15"]
[Round "?"]
[White "Balaz, Rene"]
[Black "Mueller, Michael"]
[Result "1/2-1/2"]
[WhiteElo "2073"]
[BlackElo "2041"]
[PlyCount "43"]
[EventDate "2009.01.15"]
[EventType "tourn (corr)"]
[EventRounds "6"]
[EventCountry "GER"]
[SourceTitle "Corr 2011"]
[Source "ChessBase"]
[SourceDate "2010.08.31"]
[SourceVersion "1"]
[SourceVersionDate "2010.08.31"]
[SourceQuality "1"]

1. e4 e6 2. d4 d5 3. Nd2 Nf6 4. Bd3 c5 5. e5 Nfd7 6. c3 Nc6 7. Ne2 cxd4 8. cxd4 f6 9. exf6 Nxf6 10. 0-0 Bd6 11. Nf3 Qc7 12. g3 0-0 13. Bf4 Bd7 14. Rc1 Ne4 15. Bxd6 Qxd6 16. Bxe4 dxe4 17. Ng5 Rad8 18. Nxe4 Qd5 19. Nc5 b6 20. Nxd7 Rxd7 21. b3 e5 22. Nc3 1/2-1/2

[Event "LSS CP-2007-Q-00007"]
[Site "LSS email"]
[Date "2009.01.15"]
[Round "?"]
[White "Boettcher, Fred"]
[Black "Balaz, Rene"]
[Result "1-0"]
[WhiteElo "2208"]
[BlackElo "2079"]
[PlyCount "87"]
[EventDate "2009.01.15"]
[EventType "tourn (corr)"]
[EventRounds "6"]
[EventCountry "GER"]
[SourceTitle "Corr 2011"]
[Source "ChessBase"]
[SourceDate "2010.08.31"]
[SourceVersion "1"]
[SourceVersionDate "2010.08.31"]
[SourceQuality "1"]

1. e4 e5 2. Nf3 Nc6 3. Bb5 a6 4. Ba4 Nf6 5. 0-0 Be7 6. Re1 b5 7. Bb3 0-0 8. d3 d6 9. c3 Na5 10. Bc2 c5 11. Nbd2 Re8 12. Nf1 Nc6 13. h3 Qc7 14. Ne3 Bf8 15. Nh2 Be6 16. Nhg4 Nxg4 17. hxg4 Ne7 18. Qf3 Rad8 19. Bb3 Ng6 20. g3 a5 21. g5 Be7 22. Qh5 c4 23. dxc4 a4 24. Bc2 Bxc4 25. Kg2 Nf8 26. Nd5 Qb7 27. Qf3 Rc8 28. b3 Bxd5 29. exd5 axb3 30. axb3 Ra8 31. Be3 Rec8 32. Rxa8 Qxa8 33. Rc1 Bd8 34. Be4 Qa5 35. Bd3 Rb8 36. b4 Qa3 37. Bd2 Qa2 38. Rc2 Qa4 39. c4 bxc4 40. Rxc4 Qd7 41. Rc1 Bb6 42. Rc6 Ng6 43. Qe4 Bd4 44. b5 1-0

[Event "LSS CP-2007-Q-00007"]
[Site "LSS email"]
[Date "2009.01.15"]
[Round "?"]
[White "Jimenez, Joaquin Rodrigo"]
[Black "Balaz, Rene"]
[Result "1/2-1/2"]
[WhiteElo "2125"]
[BlackElo "2059"]
[PlyCount "132"]
[EventDate "2009.01.15"]
[EventType "tourn (corr)"]
[EventRounds "6"]
[EventCountry "GER"]
[SourceTitle "Corr 2011"]
[Source "ChessBase"]
[SourceDate "2010.08.31"]
[SourceVersion "1"]
[SourceVersionDate "2010.08.31"]
[SourceQuality "1"]

1. e4 e5 2. Nf3 Nc6 3. Bb5 a6 4. Ba4 Nf6 5. 0-0 Be7 6. Re1 b5 7. Bb3 d6 8. c3 0-0 9. d4 Bg4 10. Be3 exd4 11. cxd4 Na5 12. Bc2 Nc4 13. Bc1 Nd7 14. h3 Bh5 15. Nc3 c6 16. g4 Bg6 17. b3 Ncb6 18. Ne2 d5 19. e5 Bxc2 20. Qxc2 c5 21. Ng3 Re8 22. Nf5 Rc8 23. Bh6 cxd4 24. Qd2 gxh6 25. Qxh6 Bf8 26. Qh5 f6 27. e6 Ne5 28. Rxe5 fxe5 29. Nxe5 d3 30. Rd1 d2 31. Rxd2 Rc7 32. Nf7 Qf6 33. N7h6+ Bxh6 34. Qxe8+ Bf8 35. Rc2 Rxc2 36. e7 Nd7 37. Qxd7 Rc1+ 38. Kg2 Bxe7 39. Nxe7+ Kf8 40. Nf5 h5 41. Qb7 Rd1 42. Qc8+ Kf7 43. Qc7+ Kg8 44. Qc2 Ra1 45. Qc8+ Kf7 46. Qb7+ Kf8 47. Qa8+ Kf7 48. Qxd5+ Kf8 49. Qa8+ Kf7 50. Qa7+ Kf8 51. Qb8+ Kf7 52. Qc7+ Kf8 53. a4 bxa4 54. bxa4 hxg4 55. hxg4 Rb1 56. Qc5+ Kf7 57. Kg3 Rb3+ 58. f3 Qe6 59. Nd4 Qe1+ 60. Kf4 Qe3+ 61. Kf5 Rd3 62. Qc4+ Ke8 63. Qc8+ Ke7 64. Qc7+ Ke8 65. Qe5+ Qxe5+ 66. Kxe5 Re3+ 1/2-1/2

[Event "LSS RA-2008-0-00028"]
[Site "LSS email"]
[Date "2008.10.30"]
[Round "?"]
[White "Balaz, Rene"]
[Black "Ortiz, Manuel"]
[Result "1/2-1/2"]
[WhiteElo "2079"]
[BlackElo "2053"]
[PlyCount "39"]
[EventDate "2008.10.24"]
[EventType "tourn (corr)"]
[EventRounds "6"]
[EventCountry "GER"]
[SourceTitle "Corr 2013"]
[Source "ChessBase"]
[SourceDate "2012.11.12"]
[SourceVersion "1"]
[SourceVersionDate "2012.11.12"]
[SourceQuality "1"]

1. e4 e6 2. d4 d5 3. Nd2 Nc6 4. Ngf3 Nf6 5. e5 Nd7 6. Nb3 a5 7. a4 Be7 8. Bb5 Na7 9. Be2 b6 10. h4 c5 11. h5 h6 12. Rh3 Nc6 13. Rg3 c4 14. Nbd2 f6 15. exf6 Bxf6 16. c3 e5 17. dxe5 Ndxe5 18. Nxe5 Bxe5 19. Re3 0-0 20. Nxc4 1/2-1/2

[Event "LSS RA-2008-0-00028"]
[Site "LSS email"]
[Date "2008.10.30"]
[Round "?"]
[White "Dehaybe, Andre"]
[Black "Balaz, Rene"]
[Result "1/2-1/2"]
[WhiteElo "1997"]
[BlackElo "2079"]
[PlyCount "42"]
[EventDate "2008.10.24"]
[EventType "tourn (corr)"]
[EventRounds "6"]
[EventCountry "GER"]
[SourceTitle "Corr 2013"]
[Source "ChessBase"]
[SourceDate "2012.11.12"]
[SourceVersion "1"]
[SourceVersionDate "2012.11.12"]
[SourceQuality "1"]

1. e4 e5 2. Nf3 Nc6 3. Bb5 a6 4. Bxc6 dxc6 5. 0-0 Qd6 6. Na3 Be6 7. b3 f6 8. Nc4 Qd7 9. d4 exd4 10. Qxd4 Qxd4 11. Nxd4 Bxc4 12. bxc4 0-0-0 13. Ne6 Re8 14. Nxf8 Rxf8 15. Bb2 Nh6 16. Rae1 Re8 17. c5 Re7 18. f3 Nf7 19. Rd1 Ng5 20. Bc1 Ne6 21. Be3 Rf8 1/2-1/2

[Event "LSS BI-2008-P-00019"]
[Site "LSS email"]
[Date "2008.04.27"]
[Round "?"]
[White "Balaz, Rene"]
[Black "Aalderink, Gerwin"]
[Result "1/2-1/2"]
[WhiteElo "2078"]
[BlackElo "2102"]
[PlyCount "53"]
[EventDate "2008.04.27"]
[EventType "tourn (corr)"]
[EventRounds "10"]
[EventCountry "GER"]
[SourceTitle "Corr 2011"]
[Source "ChessBase"]
[SourceDate "2010.08.31"]
[SourceVersion "1"]
[SourceVersionDate "2010.08.31"]
[SourceQuality "1"]

1. e4 c6 2. d4 d5 3. e5 Bf5 4. Be3 e6 5. c3 Qb6 6. Qb3 Nd7 7. Nd2 Ne7 8. f4 Rc8 9. Ngf3 c5 10. dxc5 Nxc5 11. Bxc5 Qxc5 12. Qxb7 Qe3+ 13. Be2 f6 14. Nf1 Qxf4 15. Qxa7 Nc6 16. Qb7 Kd8 17. exf6 gxf6 18. a4 Qc7 19. Qxc7+ Kxc7 20. b4 Kb7 21. Ne3 Be4 22. Nd2 Bg6 23. Kf2 Ne5 24. Rhc1 Bd6 25. Nb3 Nd3+ 26. Bxd3 Bxd3 27. g3 1/2-1/2

[Event "LSS BI-2008-P-00019"]
[Site "LSS email"]
[Date "2008.04.27"]
[Round "?"]
[White "Herzog, Klaus"]
[Black "Balaz, Rene"]
[Result "1/2-1/2"]
[WhiteElo "2040"]
[BlackElo "2078"]
[PlyCount "46"]
[EventDate "2008.04.27"]
[EventType "tourn (corr)"]
[EventRounds "10"]
[EventCountry "GER"]
[SourceTitle "Corr 2011"]
[Source "ChessBase"]
[SourceDate "2010.08.31"]
[SourceVersion "1"]
[SourceVersionDate "2010.08.31"]
[SourceQuality "1"]

1. e4 e5 2. Nf3 Nc6 3. Bc4 Bc5 4. c3 Nf6 5. d3 a6 6. Bb3 0-0 7. 0-0 d6 8. Nbd2 h6 9. h3 Ba7 10. Re1 Re8 11. Nf1 Be6 12. Ng3 Bxb3 13. Qxb3 Rb8 14. Nf5 Ne7 15. N3h4 d5 16. Nxe7+ Rxe7 17. Nf5 Rd7 18. a4 dxe4 19. dxe4 c6 20. a5 Ne8 21. Be3 Bxe3 22. Nxe3 Nd6 23. Qc2 Qc7 1/2-1/2

[Event "LSS BI-2008-P-00019"]
[Site "LSS email"]
[Date "2008.04.27"]
[Round "?"]
[White "Wingo, Cian"]
[Black "Balaz, Rene"]
[Result "0-1"]
[WhiteElo "1257"]
[BlackElo "2036"]
[PlyCount "70"]
[EventDate "2008.04.27"]
[EventType "tourn (corr)"]
[EventRounds "10"]
[EventCountry "GER"]
[SourceTitle "Corr 2013"]
[Source "ChessBase"]
[SourceDate "2012.11.12"]
[SourceVersion "1"]
[SourceVersionDate "2012.11.12"]
[SourceQuality "1"]
[WhiteTeam "US of America"]
[BlackTeam "US of America"]
[WhiteTeamCountry "USA"]
[BlackTeamCountry "USA"]

1. e4 e5 2. Nf3 Nc6 3. Bc4 Bc5 4. c3 Nf6 5. d3 a6 6. 0-0 d6 7. Bb3 Ba7 8. Nbd2 0-0 9. h3 h6 10. Re1 Re8 11. Nf1 Ne7 12. Ng3 Ng6 13. d4 b5 14. Be3 c5 15. a4 Qc7 16. axb5 axb5 17. Qe2 cxd4 18. cxd4 Bd7 19. Rec1 Qb7 20. Qd3 exd4 21. Bxd4 Bxd4 22. Qxd4 Rxa1 23. Rxa1 Be6 24. Bxe6 Rxe6 25. Ra7 Qc6 26. Qe3 Re8 27. Nd4 Qc5 28. Ndf5 Qxe3 29. fxe3 d5 30. Nd6 Re6 31. Nxb5 Rb6 32. Ra5 dxe4 33. Nf5 Kh7 34. b3 Nf8 35. Nfd6 Ne6 0-1

[Event "IECG CA.2006.0.00179 email"]
[Site "IECG email"]
[Date "2006.11.08"]
[Round "?"]
[White "Herzog, Klaus"]
[Black "Balaz, Rene"]
[Result "1/2-1/2"]
[WhiteElo "2004"]
[BlackElo "2017"]
[PlyCount "31"]
[EventDate "2006.11.08"]
[EventType "tourn (corr)"]
[EventRounds "6"]
[SourceTitle "Corr 2011"]
[Source "ChessBase"]
[SourceDate "2010.08.31"]
[SourceVersion "1"]
[SourceVersionDate "2010.08.31"]
[SourceQuality "1"]

1. d4 d5 2. Bf4 c5 3. e3 Nf6 4. c3 Nc6 5. Nd2 e6 6. Bd3 Be7 7. h3 0-0 8. Ngf3 c4 9. Bc2 b5 10. a3 Bb7 11. 0-0 a5 12. Ne5 Qb6 13. Ndf3 b4 14. Nxc6 Bxc6 15. Ne5 b3 16. Bb1 1/2-1/2

[Event "Hradec Kralove Region-chT 0506"]
[Site "Czech Republic"]
[Date "2006.03.05"]
[Round "9.3"]
[White "Balaz, Rene"]
[Black "Sretr, Josef"]
[Result "1/2-1/2"]
[WhiteElo "2029"]
[BlackElo "1850"]
[PlyCount "60"]
[EventDate "2005.10.23"]
[EventType "team-tourn"]
[EventRounds "11"]
[EventCountry "CZE"]
[SourceTitle "EXT 2024"]
[Source "ChessBase"]
[SourceDate "2023.10.10"]
[SourceVersion "1"]
[SourceVersionDate "2023.10.10"]
[SourceQuality "1"]
[WhiteTeam "Horice Jiskra"]
[BlackTeam "Lipa III"]
[WhiteTeamCountry "CZE"]
[BlackTeamCountry "CZE"]

1. e4 c5 2. Nf3 Nc6 3. d4 cxd4 4. Nxd4 Nf6 5. Nc3 e5 6. Ndb5 d6 7. Nd5 Nxd5 8. exd5 Ne7 9. c3 Ng6 10. Be2 Be7 11. Be3 a6 12. Na3 0-0 13. 0-0 f5 14. f3 Bg5 15. Bf2 Nf4 16. Re1 Bh4 17. Bxh4 Qxh4 18. Bf1 Rf6 19. Qd2 Rg6 20. g3 e4 21. fxe4 fxe4 22. Rxe4 Nh3+ 23. Bxh3 Qxe4 24. Re1 Qa4 25. b3 Qxa3 26. Re8+ Kf7 27. Qe3 Qc5 28. Qxc5 dxc5 29. Rxc8 Rxc8 30. Bxc8 b5 1/2-1/2

[Event "Hradec Kralove Region-chT 0506"]
[Site "Czech Republic"]
[Date "2005.11.27"]
[Round "3.2"]
[White "Cechura, Petr"]
[Black "Balaz, Rene"]
[Result "1-0"]
[WhiteElo "2128"]
[BlackElo "2029"]
[PlyCount "43"]
[EventDate "2005.10.23"]
[EventType "team-tourn"]
[EventRounds "11"]
[EventCountry "CZE"]
[SourceTitle "EXT 2024"]
[Source "ChessBase"]
[SourceDate "2023.10.10"]
[SourceVersion "1"]
[SourceVersionDate "2023.10.10"]
[SourceQuality "1"]
[WhiteTeam "Nachod Sokol"]
[BlackTeam "Horice Jiskra"]
[WhiteTeamCountry "CZE"]
[BlackTeamCountry "CZE"]

1. e4 e6 2. d3 d5 3. Nd2 c5 4. Ngf3 Nc6 5. g3 Nf6 6. Bg2 Be7 7. 0-0 0-0 8. Re1 Qc7 9. e5 Nd7 10. Qe2 b5 11. h4 Bb7 12. Nf1 d4 13. N1h2 Rac8 14. Ng4 Rfe8 15. h5 c4 16. dxc4 bxc4 17. h6 g6 18. Bg5 Bb4 19. Red1 Qb6 20. Nxd4 Nxd4 21. Rxd4 Qxd4 22. Rd1 1-0

[Event "CZE-chT2V 0203"]
[Site "Czech Republic"]
[Date "2003.??.??"]
[Round "7"]
[White "Tejkal, Lubomir"]
[Black "Balaz, Rene"]
[Result "0-1"]
[WhiteElo "2020"]
[BlackElo "1950"]
[PlyCount "120"]
[EventDate "2002.10.??"]
[EventType "team"]
[EventRounds "11"]
[EventCountry "CZE"]
[SourceTitle "EXT 2007"]
[Source "ChessBase"]
[SourceDate "2006.11.23"]
[SourceVersion "1"]
[SourceVersionDate "2006.11.23"]
[SourceQuality "1"]
[WhiteTeam "Vrchlabi"]
[BlackTeam "Horice"]
[WhiteTeamCountry "CZE"]
[BlackTeamCountry "CZE"]

1. d4 d5 2. Nf3 c6 3. g3 Nf6 4. Bg2 Bg4 5. 0-0 e6 6. c4 Be7 7. Nbd2 0-0 8. Ne5 Bh5 9. Qb3 Qc8 10. e4 dxe4 11. Nxe4 Nbd7 12. Bf4 Nxe4 13. Bxe4 Nf6 14. Bg2 Rd8 15. Be3 Bd6 16. h3 Qc7 17. Rfe1 Bg6 18. Bg5 Be7 19. Bf4 Bd6 20. Rad1 Qb6 21. Nxg6 hxg6 22. Be3 Qxb3 23. axb3 Bb4 24. Rf1 Rd7 25. Rd3 Rad8 26. Ra1 a5 27. Rad1 e5 28. Bg5 Rxd4 29. Rxd4 Rxd4 30. Rxd4 exd4 31. Bxf6 gxf6 32. Be4 f5 33. Bd3 Bd2 34. Kg2 Kg7 35. Kf3 Kf6 36. g4 fxg4+ 37. hxg4 Ke5 38. Ke2 Bc1 39. Bc2 Bxb2 40. Kd3 Kf4 41. Bd1 Bc3 42. f3 Ke5 43. Be2 Be1 44. Bd1 Bf2 45. Ke2 Be3 46. Bc2 Kd6 47. Bd3 Kc5 48. Kd1 Kb4 49. Kc2 a4 50. bxa4 Kxa4 51. Be4 Kb4 52. Bd3 Bf4 53. Kb2 c5 54. Bf1 Bc7 55. Bd3 b5 56. cxb5 c4 57. Be4 Kxb5 58. Bd5 f6 59. Kc2 Kc5 60. Bf7 d3+ 0-1